Slovenská republika prvýkrát hodnotená v OECD

Podrobná bibliografia
Hlavný autor: Toma, Pavel (Autor)
Médium: Článok
Jazyk:slovenčina
Fyzický popis:Fotogr.
ISSN:1335-1877
Predmet:

MARC

LEADER 00000nab a2200000 a 4500
001 vtls000812709
003 SK-MaSNL
005 20260304132333.0
008 250429c2002 xo 0 slo
015 |a SNBRB2002/11-35477 
035 |a CLN000164364 
035 |a urn:nbn:sk:snk-ab6j36 
035 |a (uuid)104af2d2-366b-4b25-b2df-4eefcbed0242 
035 |a (urnnbn)urn:nbn:sk:snk:ar-004h45 
035 |a (sysno)vtls000812709 
040 |a SNKBUCL  |b slo  |c SNKBUCL  |e AACR2 
041 0 |a slo 
044 |a xo  |c SK 
080 |a 504.06(437.6)  |2 1997 
080 |a 338.1(437.6):339.92:061.1(100)  |2 1997 
080 |a 339.92:061.1(100)  |2 1997 
100 1 |a Toma, Pavel  |4 aut  |9 543584 
245 1 0 |a Slovenská republika prvýkrát hodnotená v OECD  |c Pavel Toma 
300 |b Fotogr. 
610 2 7 |a Organizácia pre hospodársku spoluprácu a rozvoj  |2 snkbucl  |9 34678 
650 0 7 |a prostredie životné  |x ochrana  |z Slovensko  |x Organizácia prehospodársku spoluprácu a rozvoj  |x hodnotenie  |2 snkbucl  |9 1447314 
655 7 |a články z novín a časopisov  |2 snkbucl  |9 267496 
773 0 |t Enviromagazín  |g Roč. 7, č. 4 (2002), s. 24-25 a 27  |x 1335-1877 
850 |a Slovenská národná knižnica 
852 |a Slovenská národná knižnica 
954 |a odborná, vedecká literatúra pôvodná (slovenská)  |2 lita 
958 |a article27 
958 |a SK 
958 |a OND 
958 |a EUIPO 
992 |a RBX 
999 |c 2898769  |d 2900699